|
|
|
|
| LEADER |
00000cam a2200000 7i4500 |
| 001 |
0000001312 |
| 005 |
20140412.0 |
| 090 |
0 |
0 |
|a R THE 634.98
|b RAZ 1998
|
| 100 |
0 |
0 |
|a RAZALI Abdu Raman
|
| 245 |
1 |
0 |
|a Damage assessment of directional felling in peat swamp forest of Sg. Karang Forest Reserve Selangor /\c Razali bin Abdu Raman
|
| 260 |
0 |
0 |
|a Serdang, Selangor :
|b Universiti Putra Malaysia ,
|c 1998
|
| 300 |
|
|
|a 109 leaves ;
|c 30 cm.
|
| 500 |
0 |
0 |
|a Bachelopr of Forestry Science (Universiti Putra Malaysia), 1998
|
| 650 |
0 |
0 |
|a Clearcutting
|z Sungai Karang Forest Reserve
|x Case studies
|
| 650 |
0 |
0 |
|a Tree felling
|z Sungai Karang Forest Reserve
|x Case studies
|
| 998 |
|
|
|a JPSM
|
| 999 |
|
|
|a 0000002267
|b Monograph
|c Thesis
|e Default branch
|